L'ami bien-aimé (Record no. 169877)

MARC details
000 -LEADER
campo de control de longitud fija 00999nam a22002535i 4500
001 - NÚMERO DE CONTROL
campo de control 169877
003 - IDENTIFICADOR DE NÚMERO DE CONTROL
campo de control ES-MaACL
005 - FECHA Y HORA DE LA ÚLTIMA TRANSACCIÓN
campo de control 20250516183601.0
008 - DATOS DE LONGITUD FIJA--INFORMACIÓN GENERAL
campo de control de longitud fija 081211s1940 fr |||| | fre d
080 ## - NÚMERO DE LA CLASIFICACIÓN DECIMAL UNIVERSAL
Número de la Clasificación Decimal Universal 929 Chaikovskiï, Piotr Ilich
080 ## - NÚMERO DE LA CLASIFICACIÓN DECIMAL UNIVERSAL
Número de la Clasificación Decimal Universal 929 Meck, Nadezhda Filaretovna von
100 1# - ENTRADA PRINCIPAL--NOMBRE DE PERSONA
Nombre de persona Bowen, Catherine Drinker.
9 (RLIN) 139070
245 12 - MENCIÓN DEL TÍTULO
Título L'ami bien-aimé
Resto del título : histoire de Tchaikowsky et de Nadejda von Merck /
Mención de responsabilidad, etc. Catherine Drinker Bowen et Barbara von Meck ; texte français de Maurice Rémon.
260 ## - PUBLICACIÓN, DISTRIBUCIÓN, ETC.
Lugar de publicación, distribución, etc. Paris :
Nombre del editor, distribuidor, etc. Gallimard,
Fecha de publicación, distribución, etc. [1940]
300 ## - DESCRIPCIÓN FÍSICA
Extensión 418 p. ;
Dimensiones 21 cm.
490 1# - MENCIÓN DE SERIE
Mención de serie La connaissance de soi
600 04 - PUNTO DE ACCESO ADICIONAL DE MATERIA--NOMBRE DE PERSONA
Nombre de persona Chaikovskii, Piotr llich,
Fechas asociadas al nombre 1840-1893
9 (RLIN) 37794
600 14 - PUNTO DE ACCESO ADICIONAL DE MATERIA--NOMBRE DE PERSONA
Nombre de persona Meck, Nadezhda Filaretovna von.
9 (RLIN) 139072
700 1# - ENTRADA AGREGADA--NOMBRE PERSONAL
Nombre de persona Meck, Barbara Karpoff von.
9 (RLIN) 139071
700 0# - ENTRADA AGREGADA--NOMBRE PERSONAL
Nombre de persona Rémon, Maurice.
9 (RLIN) 96143
830 0# - PUNTO DE ACCESO ADICIONAL DE SERIE-TÍTULO UNIFORME
Título uniforme La connaissance de soi
9 (RLIN) 222924
852 ## - LOCALIZACIÓN
Ubicación ES-MaACL
Número de control de estantería E-11897
itemnumber R.140506
Nota libre .- Biblioteca Jacinto Martínez Lacalle
Holdings
Estatus retirado Estado de pérdida Estado de daño No para préstamo Biblioteca de origen Biblioteca actual Ubicación en estantería Fecha de adquisición Fuente de adquisición Total de préstamos Signatura topográfica completa Código de barras Visto por última vez Precio de reemplazo Tipo de ítem Koha
        Biblioteca del Ateneo de Madrid Biblioteca del Ateneo de Madrid Depósito 2 11/12/2008     E-11897 1178351 23/02/2023 23/02/2023 Libro impreso